|
|
|
|
| LEADER |
01471nam a2200409 a 4500 |
| 001 |
000697970 |
| 003 |
CZ BrMZK |
| 005 |
20170818112618.0 |
| 007 |
ta |
| 008 |
031125s2003 xr f 000 0 cze d |
| 015 |
|
|
|a cnb001286784
|
| 020 |
|
|
|a 80-247-0422-6
|q (brož.)
|
| 035 |
|
|
|a (OCoLC)56867267
|
| 040 |
|
|
|a OLA001
|b cze
|d BOA001
|
| 041 |
0 |
|
|a cze
|b eng
|
| 043 |
|
|
|a e------
|
| 072 |
|
7 |
|a 339
|x Obchod
|2 Konspekt
|9 4
|
| 080 |
|
|
|a 339.138
|2 MRF
|
| 080 |
|
|
|a (4)
|2 MRF
|
| 080 |
|
|
|a (048.8)
|2 MRF
|
| 100 |
1 |
|
|a Světlík, Jaroslav,
|d 1949-
|7 mzk2002157044
|4 aut
|
| 245 |
1 |
0 |
|a Marketing pro evropský trh /
|c Jaroslav Světlík
|
| 250 |
|
|
|a 1. vyd.
|
| 260 |
|
|
|a Praha :
|b Grada,
|c 2003
|
| 300 |
|
|
|a 272 s. ;
|c 23 cm
|
| 490 |
1 |
|
|a Manažer
|
| 500 |
|
|
|a Anglické resumé
|
| 504 |
|
|
|a Obsahuje bibliografii a rejstřík
|
| 650 |
0 |
7 |
|a marketing
|7 ph115227
|z země Evropské unie
|2 czenas
|
| 655 |
|
7 |
|a studie
|7 fd133597
|2 czenas
|
| 830 |
|
0 |
|a Manažer
|0 s
|
| 856 |
4 |
1 |
|u http://www.digitalniknihovna.cz/mzk/uuid/uuid:fa63d210-84f4-11e4-a0ea-005056827e52
|y Digitalizovaný dokument
|x NDK
|
| 910 |
|
|
|a BOA001
|b 2-1124.832
|
| 990 |
|
|
|a BK
|
| 996 |
6 |
|
|b 2610205673
|c 2-1124.832
|l MZK
|r Sklad / do 1 hodiny
|n 9
|p p.v.
|w 000697970
|u 000010
|a 1
|e BOA001
|j MZK50
|s P
|
| 996 |
7 |
|
|b 2610209473
|c 2-1124.832
|l MZK
|r Sklad / do 1 hodiny
|n 76
|p kup
|w 000697970
|u 000020
|a 1
|e BOA001
|j MZK50
|s A
|
| 996 |
7 |
|
|b 2610717056
|c 2-1124.832
|l MZK
|r Sklad / do 1 hodiny
|n 13
|p kup
|w 000697970
|u 000030
|a 1
|e BOA001
|j MZK50
|s A
|